Repères européen quiz de carte - Statistiques

Statistiques générales
  • Ce quiz a été pris 396 fois
    381 depuis la dernière actualisation
  • Le résultat moyen est 15 sur 24
Réponses sur la Carte
Les réponses sont colorées sur une échelle allant du rouge au vert en fonction du pourcentage des utilisateurs qui les ont devinées à leur premier essai. Vous pouvez retrouver ces pourcentages ci-dessous.
 
Statistiques - réponses
Réponse % Correct
Tour Eiffel
94%
Big Ben
88%
Loch Ness
82%
Carcassonne
81%
Acropolis
76%
Colisée
76%
Tour de Pise
72%
Porte de Brandebourg
70%
Mont Vésuve
66%
Sognefjord
63%
La Petite Sirène
62%
Musée Van Gogh
62%
Stonehenge
61%
Camp Nou
60%
Murs de Dubrovnik
57%
Château de
Schönbrunn
54%
Sainte-Sophie
54%
Cathédrale
Saint-Basile-
le-Bienheureux
49%
Lac de Garde
48%
Palais d'Hiver
46%
Château du Wawel
39%
Le Cervin
36%
Pont Charles
36%
Lagon bleu
32%
Aucun quiz correspondant
Distribution des résultats
% des personnes avec chaque résultat
Percentile par nombre de réponses
Votre historique - résultats
Vous n’avez pas pris ce quiz depuis la dernière actualisation